00153 a2200061 4500100002000000245004400020260002700064 aBandyopadhayaya aControl engineering theory and practice bPrentice Hall of India